Green Foreign Language Match Quiz Stats

 Plays Quiz Updated Mar 17, 2018

Score 0/30 Timer 07:00
5 Plays Today
% Correct
green
97%
verde
93.2%
vert
88.4%
verde
86.6%
verde
85.8%
綠色
82.9%
зелёный
80%
grün
79.7%
أخضر
79.6%
녹색
75.2%
πράσινος
74.4%
grøn
64.7%
groen
63.4%
สีเขียว
62.9%
سبز
55.3%
% Correct
हरा
50.7%
zielony
48.7%
grænn
45.7%
zelený
42.8%
glas
29.8%
ногоон
29.2%
zöld
28.6%
vihreä
28.3%
አርንጓዴ
27.4%
կանանչ
24.3%
kiriin
11.2%
luhlaza
11%
ntsuab
9.9%
mellemáu
8.5%
giriin
6.3%

You're not logged in!

Compare scores with friends on all Sporcle quizzes.
OR
Log In

You Might Also Like...

Show Comments

Extras

Top Quizzes Today


Score Distribution

Your Account Isn't Verified!

In order to create a playlist on Sporcle, you need to verify the email address you used during registration. Go to your Sporcle Settings to finish the process.

Report this User

Report this user for behavior that violates our Community Guidelines.

Details: